Normal view
MARC view
- الزكاة- التكافل الاجتماعي في الاسلام- الفقه الاسلامي
Entry Topical Term
001 - CONTROL NUMBER
- control field: 42612
003 - CONTROL NUMBER IDENTIFIER
- control field: JO-AjAnu
005 - DATE AND TIME OF LATEST TRANSACTION
- control field: 20230606081053.0
008 - FIXED-LENGTH DATA ELEMENTS
- fixed length control field: 230606|| aca||aabn | a|a d
040 ## - CATALOGING SOURCE
- Original cataloging agency: JO-AjAnu
- Transcribing agency: JO-AjAnu
150 ## - HEADING--TOPICAL TERM
- Topical term or geographic name entry element: الزكاة- التكافل الاجتماعي في الاسلام- الفقه الاسلامي
670 ## - SOURCE DATA FOUND
- Source citation: Work cat.: (JO-AjAnu)21826: المجمع الملكي لبحوث الحضارة الإسلامية (مؤسسة آل البيت), author 42611, الموجز في الزكاة والتكافل الأجتماعي في الإسلام